00630nam a2200205 a 450000100060000000300080000600500170001400800410003103500190007204000320009104100080012308200240013110000460015524500440020126000620024530000200030749000410032765000140036883000420038251410BD-RjUL20211209075645.0160830s1946 enk 000 0 eng c a(BD-RjUL)51530 aDLMcDLMdMYGdBD-RjULbeng aeng a380.1223bDUI 19461 aDuncan, G. A.q(George Alexander),d1902-10aInternational trade /cby G. A. Duncan. aLondon :bRoyal Institute of International Affairs,c1946 a59 p. ;c19 cm.1 a"Looking forward" pamphlets ;vno. 7 0aCommerce. 0a"Looking forward" pamphlets ;vno. 7.